000 00656cam a22001697a 4500
999 _c2571
_d2571
003 URS
005 20220114142205.0
008 190214s2007 ph f000 0 eng
040 _cURS
_beng
_drda
050 0 0 _aJQ 1399
_b.A779 2007
100 1 _aArroyo, Gloria Macapagal-,
245 1 2 _aA compilation of selected presidential speeches :
_bHer Excellency Gloria Macapagal-Arroyo, President of the Republic of the Philippines, 2007.
260 _aSan Miguel, Manila :
_bProduced by the Office of the President, Bureau of Communications Services,
_c[2007]
300 _a230 pages
_c23 cm
546 _aIn English, with some speeches in Tagalog.
942 _2lcc
_cF